Роберт Вуд современный чародей физической лаборатории; История американского мальчика, который стал самым дерзким и оригинальлым экспериментатором наших дней, но так и не вырос: пер. с англ.

Dades bibliogràfiques
Autor principal: Сибрук В.
Altres autors: Вавилов В. С. (переводчик), Вавилов С. И. (редактор)
Idioma:rus
Publicat: Москва, Наука, 1980
Edició:4-е изд., стер.
Matèries:
Format: Llibre
KOHA link:https://koha.lib.tpu.ru/cgi-bin/koha/opac-detail.pl?biblionumber=368922

MARC

LEADER 00000nam0a2200000 4500
001 368922
005 20231102012130.0
035 |a (RuTPU)RU\TPU\retro\26304 
090 |a 368922 
100 |a 20220425d1980 m y0rusy50 ca 
101 1 |a rus  |c eng 
102 |a RU 
105 |a a z 001zb 
200 1 |a Роберт Вуд современный чародей физической лаборатории  |a История американского мальчика, который стал самым дерзким и оригинальлым экспериментатором наших дней, но так и не вырос  |e пер. с англ.  |f В. Сибрук  |g пер. В. С. Вавилова ; под ред. С. И. Вавилова 
205 |a 4-е изд., стер. 
210 |a Москва  |c Наука  |d 1980 
215 |a 320 с.  |c ил. 
320 |a Библиогр.: с. 306-317 
600 1 |a Вуд  |b Р. У.  |c американский физик  |c профессор физики университета Дж. Гопкинса  |f 1868-1955  |g Роберт Уильямс (Вильямс)  |2 stltpush  |3 (RuTPU)RU\TPU\pers\23476  |9 10234 
606 1 |a Физическая наука  |x История  |2 stltpush  |3 (RuTPU)RU\TPU\subj\63824  |9 80761 
610 1 |a физика 
610 1 |a физический эксперимент 
610 1 |a физические лаборатории 
610 1 |a экспериментальная аппаратура 
610 1 |a США 
610 1 |a физики 
610 1 |a 19 век 
610 1 |a 20 век 
675 |a 53(09)  |v 4 
700 1 |a Сибрук  |b В. 
702 1 |a Вавилов  |b В. С.  |4 730 
702 1 |a Вавилов  |b С. И.  |4 340 
801 1 |a RU  |b 63413507  |c 20220425 
942 |c BK